000 00479pab a2200169 454500
008 180718b2005 xxu||||| |||| 00| 0 eng d
100 _aSubramanian, K.S.
245 _aBoy orderlies of Chhattisgarh: a violation of the human rights of children
260 _c2005
300 _ap.21-22.
362 _a26 Nov
650 _aChildren - India - Chhattisgarh
650 _aHuman rights - India - Chhattisgarh
650 _aHuman rights
773 _aMainstream
909 _a67876
999 _c67876
_d67876